Classement des prépas lettres A/L - Statistiques

Statistiques générales
  • Ce quiz a été pris 35 fois
  • Le résultat moyen est 6 sur 20
Statistiques - réponses
Calssement Ville Réponse % Correct
1 Paris Henri-IV
100%
4 Paris Louis-le-Grand
77%
16 Lyon Le Parc
65%
8 Paris Fénelon
45%
18 Paris Janson-de-Sailly
39%
13 Toulouse Pierre-de-Fermat
35%
19 Paris Condorcet
32%
6 Lille Faidherbe
32%
9 Neuilly-sur-Scène Sainte-Marie
26%
3 Rennes Chateaubriand
23%
2 Strasbourg Fustel-de-Coulanges
23%
15 Nantes Clemenceau
19%
10 Lyon Edouard-Herriot
19%
17 Grenoble Champollion
16%
14 Nice Masséna
16%
7 Orléans Pothier
16%
11 St-Maur-des-Fossés Marcelin-Berthelot
13%
5 Nancy Henri-Poincaré
10%
12 Paris Molière
10%
20 Nîmes Alphonse-Daudet
6%
Aucun quiz correspondant
Distribution des résultats
% des personnes avec chaque résultat
Percentile par nombre de réponses
Votre historique - résultats
Vous n’avez pas pris ce quiz